Simpsons or Spongebob - Statistics

General Stats
  • This quiz has been taken 79 times
  • The average score is 13 of 15
Answer Stats
Questions Answers % Correct
Made in 1989? The Simpsons
97%
Has the most movies? Spongebob Squarepants
96%
The main character Is Yellow, Weak, and Dumb? Spongebob Squarepants
92%
Has the world record for the longest running tv show ever? The Simpsons
92%
Do'h The Simpsons
92%
Characters (in either show) that have been to multiple countries? The Simpsons
91%
The people of this town are silly, unique, greedy, and like to form angry mobs? Spongebob Squarepants
88%
The people of this town are very dumb and dimwitted? The Simpsons
88%
Everyone sucks at their jobs? The Simpsons
85%
The Older people are not who they seem? Spongebob Squarepants
83%
Has actual ghosts in the show? (not treehouses of horror) Spongebob Squarepants
80%
Has a very very very dumb friend, that has almost gotten him killed in the movie? Spongebob Squarepants
77%
Is meant for everybody? Spongebob Squarepants
73%
Is more realistic (But still not realistic)? The Simpsons
69%
Has a lot of legends about the town? Spongebob Squarepants
67%
No matching quizzes found
Score Distribution
Percent of People with Each Score
Percentile by Number Answered
Your Score History
You have not taken this quiz